Statistics for Asian Countries By Clue

Click here to take the quiz!

General Stats

  • This quiz has been taken 3,596 times
  • The average score is 19 of 20

Answer Stats

ClueCountry% Correct
One Child Policy, The Great Wall, TibetChina
98%
Taj Mahal, Gandhi, PunjabiIndia
98%
Kim Jong-un, Nuclear Missiles, Ryugyong HotelNorth Korea
98%
Samsung, Gangnam StyleSouth Korea
98%
Istanbul, Anatolia, Ottoman EmpireTurkey
98%
Jewish State, JerusalemIsrael
97%
The Himalayas, Gorkha Kingdom, KathmanduNepal
97%
Burj Khalfia, Abu Dhabi, ________ MallUnited Arab Emirates
97%
Kyoto, Fukushima, Mount FujiJapan
96%
Mecca, Oil country, WahhabismSaudi Arabia
95%
Pho, Halong Bay, Ho Chi MinhVietnam
95%
Bali, Suharto, KrakatoaIndonesia
93%
Gobi Desert, Gengis KhanMongolia
93%
Teardrop of India, Kandy, ColomboSri Lanka
92%
Petronas Towers, Peninsula / BorneoMalaysia
88%
2022 World Cup, Udeid Air Base, Al-JazeeraQatar
88%
Phuket, Siam, House of ChakriThailand
88%
City State, Marina Bay, ChangiSingapore
85%
Ganges Delta, 2750 people per mileBangladesh
80%
Aung San Suu Kyi, Rangoon,Myanmar
76%

Score Distribution

Percentile by Number Answered

Percent of People with Each Score

Your Score History

You have not taken this quiz